[Event "Let's Play Chess!"]
[Site "http://www.queenalice.com/game.php?id=538147"]
[Date "2009.2.10"]
[Round "-"]
[White "sevendaymill"]
[Black "CpsmB"]
[Result "0-1"]
[WhiteElo "1447"]
[BlackElo "1475"]

1. e4 e5 2. d3 Qf6 3. Nf3 d6 4. Ng5 d5 5. exd5 Ne7 6. Qf3 Qxf3 7. Nxf3 Nxd5 8.
Nxe5 f6 9. Nc4 b5 10. Ne3 Nxe3 11. Bxe3 Bd6 12. Be2 Bb7 13. Bf3 Bxf3 14. gxf3
O-O 15. Nc3 Re8 16. O-O-O b4 17. Nd5 Na6 18. Bf4 Bxf4+ 19. Kb1 Be5 20. f4 Bd4
21. Rdf1 Re2 22. c3 Bxf2 23. cxb4 Rae8 24. Nc3 Re1+ 25. Rxe1 Rxe1+ 26. Rxe1 Bxe1
27. Nd5 h5 28. b5 Nb8 29. Nxc7 g5 30. fxg5 Bd2 31. gxf6 Kf7 32. Nd5 Nd7 33. Kc2
Bg5 34. b3 Nxf6 35. Nxf6 Kxf6 36. b6 axb6 37. a4 Bf4 38. Kd1 Bxh2 39. Ke1 h4 40.
Kf1 Ke5 41. Kg2 Bg3 42. b4 Kd5 43. a5 bxa5 44. bxa5 Kc6 45. d4 Kb7 46. d5 Ka6
47. Kh3 Kxa5 48. d6 Kb6 49. d7 Kc7 50. d8=Q+ Kxd8 51. Kg4 Ke7 52. Kh3 Kf6 53.
Kg4 Ke5 54. Kh3 Kf4 55. Kg2 Kg4 56. Kh1 h3 57. Kg1 Kf3 58. Kf1 Bf4 59. Ke1 h2
60. Kf1 h1=Q# 0-1

[Event "Challenge"]
[Site "http://www.queenalice.com/game.php?id=538157"]
[Date "2009.2.10"]
[Round "-"]
[White "sevendaymill"]
[Black "Shorty"]
[Result "1-0"]
[WhiteElo "1445"]
[BlackElo "1100"]

1. e4 Nf6 2. e5 Ne4 3. d3 Nc5 4. d4 Ne4 5. f3 Ng5 6. Bxg5 b6 7. f4 Nc6 8. d5 Nd4
9. Qxd4 c5 10. dxc6 f6 11. Bh4 h5 12. Qc3 dxc6 13. Qxc6+ Bd7 14. Qc3 Rc8 15. Bd3
f5 16. Qa3 Rg8 17. Qxa7 Ra8 18. Qb7 e6 19. Bxd8 Rxd8 20. Nf3 Bb4+ 21. c3 Ba5 22.
b4 Rc8 23. bxa5 bxa5 24. Bb5 Kf7 25. Qxd7+ Kg6 26. Qxe6+ Kh7 27. Qxf5+ g6 28.
Qf7+ Rg7 29. Ng5+ Kh6 30. Qe6 Rc5 31. c4 a4 32. g4 hxg4 33. Qxg4 Re7 34. Qh4+
Kg7 35. Qh7+ Kf8 36. Qh8# 1-0

[Event "AUTO-BEG-291"]
[Site "http://www.queenalice.com/game.php?id=538848"]
[Date "2009.2.11"]
[Round "1"]
[White "Kike"]
[Black "sevendaymill"]
[Result "0-1"]
[WhiteElo "1081"]
[BlackElo "1416"]

1. e4 d5 2. Nc3 c6 3. d3 Nf6 4. Be3 Qa5 5. Bd2 Bg4 6. Be2 Bxe2 7. Ngxe2 Qb4 8.
Nb1 Qxb2 9. O-O Qxa1 10. Nf4 Qxa2 11. Re1 e5 12. Ne2 Bc5 13. Be3 Bxe3 14. fxe3
dxe4 15. Nec3 Qa5 16. Qd2 h5 17. d4 exd4 18. exd4 h4 19. Nxe4 Rh5 20. Nd6+ Kd7
21. Nxf7 Na6 22. Re5 Qxd2 23. Nxd2 Rf8 24. Ng5 Re8 25. Rf5 Nb4 26. c3 Nd3 27. g3
hxg3 28. hxg3 Re1+ 29. Nf1 Ng4 30. Rf3 Nh2 31. Rxd3 Rxf1+ 32. Kg2 a5 33. Re3 a4
34. Re2 Ra1 35. c4 Nf1 36. g4 Rh2+ 37. Kf3 Rxe2 38. Kxe2 a3 39. Ne4 a2 40. d5
cxd5 41. cxd5 Rc1 42. Nc5+ Rxc5 43. Kxf1 Rc2 44. Ke1 a1=R# 0-1

[Event "AUTO-BEG-291"]
[Site "http://www.queenalice.com/game.php?id=538849"]
[Date "2009.2.11"]
[Round "1"]
[White "sevendaymill"]
[Black "Kike"]
[Result "1-0"]
[WhiteElo "1397"]
[BlackElo "1105"]

1. e4 e5 2. d4 d6 3. Bb5+ Bd7 4. Bxd7+ Qxd7 5. Nf3 Be7 6. dxe5 Nc6 7. Nd4 Nxe5
8. f4 Nc4 9. Nf5 Nf6 10. Nxg7+ Kf8 11. Nh5 Nxh5 12. Qxh5 Rg8 13. Qxh7 Rxg2 14.
Nd2 Nxd2 15. Bxd2 c5 16. O-O-O d5 17. Rhg1 Qg4 18. h3 Qg3 19. Rxg2 Qxg2 20. exd5
Qxd5 21. Qh8# 1-0

[Event "AUTO-BEG-291"]
[Site "http://www.queenalice.com/game.php?id=538874"]
[Date "2009.2.11"]
[Round "1"]
[White "Gera10"]
[Black "sevendaymill"]
[Result "0-1"]
[WhiteElo "1317"]
[BlackElo "1434"]

1. e4 e5 2. Nf3 d6 3. Nc3 Bg4 4. h3 Bxf3 5. Qxf3 Nc6 6. Bb5 a6 7. Bc4 Nf6 8. d3
Nd4 9. Qd1 b5 10. Bd5 Nxd5 11. exd5 c6 12. Be3 Qe7 13. Qg4 Nxc2+ 14. Kd1 Nxa1
15. Kd2 c5 16. Rxa1 h5 17. Qf5 g6 18. Bg5 gxf5 19. Bxe7 Bxe7 20. f4 exf4 21. Rf1
Bg5 22. h4 Bh6 23. Re1+ Kd8 24. Kd1 Re8 25. Rf1 Re3 26. a4 b4 27. Ne2 Rxd3+ 28.
Ke1 Rxd5 29. b3 Re5 30. a5 d5 31. Rg1 d4 32. g3 f3 33. Rf1 fxe2 34. Rg1 d3 35.
g4 hxg4 36. Rg3 Re3 37. Rg2 c4 38. Rf2 d2+ 39. Kxd2 e1=Q+ 40. Kc2 Rc3+ 41. Kb2
Qc1+ 42. Ka2 cxb3# 0-1

[Event "AUTO-BEG-291"]
[Site "http://www.queenalice.com/game.php?id=538875"]
[Date "2009.2.11"]
[Round "1"]
[White "sevendaymill"]
[Black "Gera10"]
[Result "1-0"]
[WhiteElo "1402"]
[BlackElo "1310"]

1. e4 e5 2. d4 d5 3. dxe5 Qh4 4. Qxd5 Be6 5. Qxb7 Bc5 6. g3 Qh5 7. Qxa8 Bb4+ 8.
Nc3 Qxe5 9. Qxb8+ Bc8 10. Qxb4 Ne7 11. Nf3 Qe6 12. Ng5 Qg4 13. h3 Qh5 14. Be2
Qg6 15. Nd5 O-O 16. Nxe7+ Kh8 17. Nxg6+ Kg8 18. Qxf8# 1-0

[Event "Challenge"]
[Site "http://www.queenalice.com/game.php?id=549309"]
[Date "2009.3.2"]
[Round "-"]
[White "sevendaymill"]
[Black "dallascow"]
[Result "1-0"]
[WhiteElo "1465"]
[BlackElo "1477"]

1. e4 Nh6 2. Nc3 e6 3. g4 Bc5 4. d4 Bb4 5. a3 Bxc3+ 6. bxc3 Nc6 7. Bxh6 gxh6 8.
Bb5 Qh4 9. h3 d5 10. Nf3 Qf6 11. Ne5 O-O 12. Nxc6 Bd7 13. e5 Qf4 14. Ne7+ Kh8
15. Bxd7 Qe4+ 16. Qe2 Qxe2+ 17. Kxe2 c6 18. Bc8 Re8 19. Bxb7 Rab8 20. Nxc6 Rxb7
21. Rhb1 Rxb1 22. Rxb1 Rc8 23. Rb8 Rxb8 24. Nxb8 h5 25. g5 h4 26. Nc6 a6 27. Ne7
Kg7 28. Kd3 a5 29. c4 dxc4+ 30. Kxc4 h6 31. gxh6+ Kxh6 32. d5 exd5+ 33. Kxd5 a4
34. c4 Kg5 35. c5 f6 36. c6 1-0

[Event "Challenge"]
[Site "http://www.queenalice.com/game.php?id=558397"]
[Date "2009.3.19"]
[Round "-"]
[White "sevendaymill"]
[Black "Givanildo"]
[Result "1-0"]
[WhiteElo "1447"]
[BlackElo "1503"]

1. d4 d6 2. e4 Nf6 3. Nc3 a6 4. Bg5 h6 5. Bxf6 gxf6 6. d5 Rg8 7. Nh3 Bxh3 8.
gxh3 Nd7 9. Qd4 c5 10. Qe3 Qa5 11. O-O-O b5 12. a3 b4 13. Na2 Ne5 14. f4 Nc4 15.
Bxc4 bxa3 16. Qxa3 Qb6 17. Nc3 f5 18. Bb5+ Kd8 19. Bc6 Rb8 20. Na4 Qb4 21. Qxb4
Rxb4 22. c3 Rxe4 23. Rhf1 h5 24. Rde1 Bg7 25. Rxe4 fxe4 26. Rg1 e3 27. Rg5 e2
28. Kd2 f6 29. Rxh5 Bf8 30. Kxe2 Rg2+ 31. Kf3 Rxh2 32. Rh8 e5 33. Rxf8+ Ke7 34.
Re8+ Kf7 35. Kg3 Re2 36. h4 exf4+ 37. Kxf4 Rxe8 38. Bxe8+ Kxe8 39. Kf5 Ke7 40.
h5 Kf7 41. h6 Kg8 42. Kxf6 Kh7 43. Ke6 a5 44. Kxd6 Kxh6 45. Ke7 Kg6 46. d6 Kf5
47. d7 Ke5 48. d8=Q 1-0